Himnos Homéricos. La "Batracomiomaquia"
שמור ב:
| פורמט: | ספר |
|---|---|
| שפה: | Undetermined |
| יצא לאור: |
Madrid, España
Editorial Gredos
1978
|
| נושאים: | |
| תגים: |
הוספת תג
אין תגיות, היה/י הראשונ/ה לתייג את הרשומה!
|
MARC
| LEADER | 00000nam a2200000Ia 4500 | ||
|---|---|---|---|
| 008 | 170316s9999 xx 000 0 und d | ||
| 040 | |a cru BVZT | ||
| 090 | |a 880 H-4.1h | ||
| 245 | |a Himnos Homéricos. La "Batracomiomaquia" | ||
| 260 | |a Madrid, España | ||
| 260 | |b Editorial Gredos | ||
| 260 | |c 1978 | ||
| 300 | |a 355 páginas | ||
| 650 | |a LITERATURA GRIEGA | ||
| 650 | |a HIMNOS HOMÉRICOS | ||
| 650 | |a LA BATRACOMIOMAQUIA | ||
| 942 | |c SALA |0 1 | ||
| 999 | |c 11907 |d 11907 | ||
